|
|
|
|
| LEADER |
03999nam a2200457 a 4500 |
| 001 |
18419 |
| 003 |
BD-DhAAL |
| 005 |
20250818162428.0 |
| 008 |
090720r20171992bg a b f000 0 eng d |
| 010 |
|
|
|a 92910054
|
| 020 |
|
|
|a 9845123376
|c Tk1000.00 ($50.00 U.S.)
|
| 040 |
|
|
|a DLC
|c DLC
|d DLC
|d BD-DhAAL
|
| 082 |
0 |
0 |
|a 954.92
|2 20
|
| 245 |
0 |
0 |
|a History of Bangladesh, 1704-1971.
|n Volume two /
|c edited by Sirajul Islam ; editorial assistant, Sajahan Miah.
|
| 250 |
|
|
|a Third edition.
|
| 260 |
|
|
|a Dhaka, Bangladesh :
|b Asiatic Society of Bangladesh ;
|b Distributing agent, Academic Publishers,
|c 2007 [reprinted 2017].
|
| 300 |
|
|
|a 660 pages :
|b illustrations ;
|c 25 cm
|
| 362 |
0 |
|
|a Vol. 2
|
| 504 |
|
|
|a Includes bibliographical references with each chapter
|
| 505 |
0 |
|
|a v. 2. Economic history.
|
| 526 |
|
|
|a GenEd
|x Salim khan
Sr. program Associate
James P. Grant School
Course name and no. N/A
|
| 541 |
1 |
|
|a Paragon Enterprises(18419)
Book Finder International
|e 18419, 37374, 37375, 41725, 41726, 41727, 41728, 41729
|
| 651 |
|
0 |
|a Bangladesh
|x History.
|9 1851
|
| 651 |
|
0 |
|a Bengal (India)
|x History.
|9 1852
|
| 700 |
1 |
|
|a Islam, Sirajul,
|d 1939-
|9 1853
|
| 700 |
0 |
|
|a Miah, Sajahan
|9 1854
|
| 710 |
2 |
|
|a Asiatic Society of Bangladesh.
|9 1855
|
| 852 |
4 |
|
|a Ayesha Abed Library
|c General stacks
|
| 942 |
|
|
|2 ddc
|c BK
|
| 999 |
|
|
|c 2560
|d 2560
|
| 952 |
|
|
|0 0
|1 0
|2 ddc
|4 0
|6 954_920000000000000_HIS
|7 0
|9 2332
|a JPGSPH
|b JPGSPH
|c GEN
|d 2009-04-28
|e Paragon Enterprize Ltd.
|g 2095.00
|l 0
|o 954.92 HIS
|p 3060018419
|r 2009-07-21
|t 1
|y BK
|x Requisitioned by Salim khan, Sr. program Associate, James P. Grant School. Course name and no. N/A
|
| 952 |
|
|
|0 0
|1 0
|2 ddc
|4 0
|6 954_920000000000000_HIS
|7 0
|9 16263
|a BRACUL
|b BRACUL
|c CIR
|d 2011-05-03
|l 46
|m 20
|o 954.92 HIS
|p 3010009458
|r 2026-04-18
|s 2026-04-18
|t 2
|w 2011-05-03
|y 1HOUR
|x According to Gazi Md. Mizanur Rahman (Assistant Professor, ENH) instruction, the book has been reserved as one hour loan.
|
| 952 |
|
|
|0 0
|1 0
|2 ddc
|4 0
|6 954_920000000000000_HIS
|7 0
|9 16264
|a BRACUL
|b BRACUL
|c CIR
|d 2011-05-03
|l 44
|m 4
|o 954.92 HIS
|p 3010009455
|r 2026-04-19
|s 2026-04-19
|t 3
|w 2011-05-03
|y 1HOUR
|x According to Gazi Md. Mizanur Rahman (Assistant Professor, ENH) instruction, the book has been reserved as one hour loan.
|
| 952 |
|
|
|0 0
|1 0
|2 ddc
|4 0
|6 954_920000000000000_HIS
|7 0
|9 16265
|a BRACUL
|b BRACUL
|c CIR
|d 2011-05-03
|l 40
|m 11
|o 954.92 HIS
|p 3010007360
|r 2026-04-20
|s 2026-04-20
|t 4
|w 2011-05-03
|y 1HOUR
|x According to Gazi Md. Mizanur Rahman (Assistant Professor, ENH) instruction, the book has been reserved as one hour loan.
|
| 952 |
|
|
|0 0
|1 0
|2 ddc
|4 0
|6 954_920000000000000_HIS
|7 0
|9 69168
|a SCL
|b SCL
|c GEN
|d 2020-12-09
|e Hye Trade International
|g 829.34
|l 10
|o 954.92 HIS
|p 3020037375
|r 2025-04-13
|s 2025-03-20
|t 2
|v 829.34
|w 2020-12-09
|y BK
|x Received during COVID-19 pandemic
|
| 952 |
|
|
|0 0
|1 0
|2 ddc
|4 0
|6 954_920000000000000_HIS
|7 0
|9 69169
|a SCL
|b SCL
|c GEN
|d 2020-12-09
|e Hye Trade International
|g 829.34
|l 5
|m 1
|o 954.92 HIS
|p 3020037374
|r 2025-11-15
|s 2025-11-08
|t 1
|v 829.34
|w 2020-12-09
|y BK
|x Received during COVID-19 pandemic
|
| 952 |
|
|
|0 0
|1 0
|2 ddc
|4 0
|6 954_920000000000000_HIS
|7 0
|9 74361
|a SCL
|b SCL
|c GEN
|d 2023-09-08
|e Book Finder International
|g 742.56
|l 5
|m 1
|o 954.92 HIS
|p 3020041725
|r 2025-12-23
|s 2025-12-22
|t 5
|v 742.56
|w 2023-09-08
|y BK
|
| 952 |
|
|
|0 0
|1 0
|2 ddc
|4 0
|6 954_920000000000000_HIS
|7 0
|9 74362
|a SCL
|b SCL
|c GEN
|d 2023-09-08
|e Book Finder International
|g 742.56
|l 5
|o 954.92 HIS
|p 3020041726
|r 2025-05-06
|s 2025-04-16
|t 6
|v 742.56
|w 2023-09-08
|y BK
|
| 952 |
|
|
|0 0
|1 0
|2 ddc
|4 0
|6 954_920000000000000
|7 0
|9 74363
|a SCL
|b SCL
|c GEN
|d 2023-09-08
|e Book Finder International
|g 742.56
|l 9
|m 6
|o 954.92
|p 3020041727
|r 2025-12-23
|s 2025-12-22
|t 7
|v 742.56
|w 2023-09-08
|y BK
|
| 952 |
|
|
|0 0
|1 0
|2 ddc
|4 0
|6 954_920000000000000_HIS
|7 0
|9 74364
|a SCL
|b SCL
|c GEN
|d 2023-09-08
|e Book Finder International
|g 742.56
|l 11
|m 5
|o 954.92 HIS
|p 3020041728
|r 2025-12-26
|s 2025-11-09
|t 8
|v 742.56
|w 2023-09-08
|y BK
|
| 952 |
|
|
|0 0
|1 0
|2 ddc
|4 0
|6 954_920000000000000_HIS
|7 0
|9 74365
|a SCL
|b SCL
|c GEN
|d 2023-09-08
|e Book Finder International
|g 742.56
|l 5
|m 5
|o 954.92 HIS
|p 3020041729
|r 2024-04-29
|s 2024-04-22
|t 9
|v 742.56
|w 2023-09-08
|y BK
|